| Tag |
First Indicator |
Second Indicator |
Subfields |
| LEADER |
00000pam a2200000 i 4500 |
| 001 |
in00000058890 |
| 005 |
20151008051005.0 |
| 008 |
770628s1977 njua 00110 eng |
| 010 |
|
|
|a 77024751
|
| 020 |
|
|
|z 0135026741.
|
| 020 |
|
|
|a 0135026660 (pbk.)
|
| 035 |
|
|
|a (OCoLC)03186321
|
| 035 |
|
|
|9 AAG4823AM
|
| 040 |
|
|
|a DLC
|c DLC
|d TXA
|d UtOrBLW
|
| 049 |
|
|
|a TXAM
|c [980740]
|
| 050 |
0 |
0 |
|a HD1379
|b .C317
|
| 082 |
0 |
|
|a 643
|
| 100 |
1 |
|
|a Case, Frederick E.
|
| 245 |
1 |
4 |
|a The investment guide to home & land purchase /
|c Fred E. Case.
|
| 264 |
|
1 |
|a Englewood Cliffs, N.J. :
|b Prentice-Hall,
|c [1977]
|
| 264 |
|
4 |
|c ©1977
|
| 300 |
|
|
|a x, 179 pages :
|b illustrations ;
|c 21 cm.
|
| 336 |
|
|
|a text
|b txt
|2 rdacontent
|
| 337 |
|
|
|a unmediated
|b n
|2 rdamedia
|
| 338 |
|
|
|a volume
|b nc
|2 rdacarrier
|
| 490 |
0 |
|
|a A Spectrum book
|
| 500 |
|
|
|a Includes index.
|
| 650 |
|
0 |
|a House buying.
|
| 999 |
|
|
|a MARS
|
| 999 |
f |
f |
|s bbccf1c7-5791-380c-8899-d4740e7379da
|i e45d4025-0593-3ce7-8dc3-8d64f3014b86
|t 0
|
| 952 |
f |
f |
|p ric
|a Texas A&M University
|b Rellis Campus
|c Joint Library Facility
|d Remote Storage
|t 0
|e HD1379 .C317
|h Library of Congress classification
|i unmediated -- volume
|m A14802652177
|
| 998 |
f |
f |
|a HD1379 .C317
|t 0
|l Remote Storage
|